Normal view
MARC view
- Carlton T. Mitchell
Entry Personal Name
001 - CONTROL NUMBER
- control field: 13726
003 - CONTROL NUMBER IDENTIFIER
- control field: OSt
005 - DATE AND TIME OF LATEST TRANSACTION
- control field: 20221108214612.0
008 - FIXED-LENGTH DATA ELEMENTS
- fixed length control field: 221108|| aca||aabn | a|a d
040 ## - CATALOGING SOURCE
- Original cataloging agency: OSt
- Transcribing agency: OSt
100 ## - HEADING--PERSONAL NAME
- Personal name: Carlton T. Mitchell
- Numeration: Series Editor
670 ## - SOURCE DATA FOUND
- Source citation: Work cat.: (OSt)12031: Values in teaching and professional ethics /, 1989